Statistics for 10 Largest Cities By Population In Finland

Click here to take the quiz!

General Stats

  • This quiz has been taken 54 times
  • The average score is 7 of 10

Answer Stats

PopAnswer% Correct
648,650Helsinki
100%
202,753Oulu
90%
190,935Turku
90%
234,441Tampere
87%
281,886Espoo
84%
226,160Vantaa
71%
199.999Lahti
61%
140,812Jyvaskyla
52%
118,434Kuopio
52%
83,600Kouvola
35%

Score Distribution

Percentile by Number Answered

Percent of People with Each Score

Your Score History

You have not taken this quiz